تحميل...

Microbiology of marine food products

التفاصيل البيبلوغرافية
المؤلف الرئيسي: Ward, Donn R. (Editors)
مؤلفون آخرون: Hackney, Cameron
التنسيق: Printed Book
اللغة:English
منشور في: New York Van Nostrand Reinhold Company 1991
الموضوعات:
LEADER 00606nam a2200169 a 4500
005 20151028162139.0
008 960221s1955 dcuabcdjdbkoqu001 0deng d
003 ViArRB
082 |a 576.163 
100 |a Ward, Donn R.  |e Editors  |9 21690 
245 |a Microbiology of marine food products 
653 |a Seafood-microbiology  |a Microbiology  |a Biotechnology  
700 |a Hackney, Cameron  |9 21689 
942 |c BK  |6 _ 
260 |a New York  |b Van Nostrand Reinhold Company  |c 1991 
999 |c 76051  |d 76051 
952 |0 0  |1 0  |4 0  |6 576163_N1  |7 0  |9 88780  |a SOS   |b SOS   |d 0000-00-00  |l 2  |o 576.163 N1  |p MS010384  |r 2015-04-29  |s 2015-01-30  |w 2009-07-13  |y BK